000 00688nam a2200265Ia 4500
005 20260121172912.0
008 008 260114s9999 xx 000 0 eng d
020 _a9789811681431
037 _aEBOOK
040 _aCRL
040 _beng
040 _cCRL
041 _2eng
041 _aeng
084 _qCRL
100 _aYunjun Gao, An Liu, Xiaohui Tao, Junying Chen
_91094156
245 0 _aWeb and Big Data. APWeb-WAIM 2021 International Workshops
260 _bSpringer
260 _bSpringer
260 _c2021
856 _uhttps://link.springer.com/openurl?genre=book&isbn=978-981-16-8143-1
942 _cEBOOK
999 _c1659898
_d1659898